| 000 | 00628aam a2200217 4500 | ||
|---|---|---|---|
| 005 | 20230905183954.0 | ||
| 008 | 150414b2007 xxu||||| |||| 00| | spa d | ||
| 020 | _a9789968784856 | ||
| 041 | _aESP | ||
| 082 | _a341.756.6 V812r | ||
| 100 |
_aVíquez Solís, Ronald _95191 |
||
| 245 | _aRégimen legal de la Zona Marítimo Terrestre su ley y su reglamento | ||
| 260 | _aCosta Rica | ||
| 260 | _bEditorial Jurídica Continental | ||
| 260 | _c2007 | ||
| 300 | _a536 páginas | ||
| 650 | _aLEY ZONA MARÍTIMO TERRESTRE | ||
| 650 | _aDERECHO MARÍTIMO | ||
| 650 | _aZONAS ECONÓMICAS | ||
| 942 |
_cBK _2ddc |
||
| 999 |
_c4604 _d4604 |
||